Improving the environment : (Record no. 528306)

000 -LEADER
fixed length control field 00890cam a2200277 a 4500
001 - CONTROL NUMBER
control field 2090784
003 - CONTROL NUMBER IDENTIFIER
control field NUST
038 ## - RECORD CONTENT LICENSOR
Staff Name MSOHAIL
040 ## - CATALOGING SOURCE
Original cataloging agency DDOE
Transcribing agency DDOE
Modifying agency DLC
042 ## - AUTHENTICATION CODE
Authentication code lccopycat
050 00 - LIBRARY OF CONGRESS CALL NUMBER
Classification number GE300
Item number .I47 1995
082 ## - DEWEY DECIMAL CLASSIFICATION NUMBER
Classification number 330
Author Mark OEC
100 ## - MAIN ENTRY--PERSONAL NAME
Personal name OECD
9 (RLIN) 20015
245 00 - TITLE STATEMENT
Title Improving the environment :
246 10 - VARYING FORM OF TITLE
Title proper/short title Evaluation of DOE's environmental management program.
260 ## - PUBLICATION, DISTRIBUTION, ETC.
Place of publication, distribution, etc. Australia
Name of publisher, distributor, etc. OECD
Date of publication, distribution, etc. 1998.
300 ## - PHYSICAL DESCRIPTION
Extent xiii, 40 p. :
Other physical details ill. ;
Dimensions 23 cm.
504 ## - BIBLIOGRAPHY, ETC. NOTE
Bibliography, etc. note Includes bibliographical references.
610 10 - SUBJECT ADDED ENTRY--CORPORATE NAME
Corporate name or jurisdiction name as entry element United States.
Subordinate unit Department of Energy.
9 (RLIN) 20016
650 #0 - SUBJECT ADDED ENTRY--TOPICAL TERM
Topical term or geographic name entry element Environmental management.
9 (RLIN) 6432
710 2# - ADDED ENTRY--CORPORATE NAME
Corporate name or jurisdiction name as entry element National Research Council (U.S.)
9 (RLIN) 20017
906 ## - LOCAL DATA ELEMENT F, LDF (RLIN)
a 7
b cbc
c copycat
d 2
e opcn
f 19
g y-gencatlg
942 ## - ADDED ENTRY ELEMENTS (KOHA)
Source of classification or shelving scheme
Koha item type Book
Holdings
Withdrawn status Lost status Source of classification or shelving scheme Damaged status Not for loan Permanent Location Current Location Date acquired Total Checkouts Full call number Barcode Date last seen Price effective from Koha item type
          School of Civil and Environmental Engineering (SCEE) School of Civil and Environmental Engineering (SCEE) 09/05/2019   330 OEC NIT-10361 09/05/2019 09/05/2019 Book
          School of Civil and Environmental Engineering (SCEE) School of Civil and Environmental Engineering (SCEE) 09/05/2019   330 OEC NIT-10362 09/05/2019 09/05/2019 Book
© 2023 Central Library, National University of Sciences and Technology. All Rights Reserved.